000 00340nam a2200157Ia 4500
003 OSt
005 20240124123317.0
008 170524s9999 xx 000 0 und d
020 _a8125923473.
040 _ciimtu
100 _aDWIVEDI-D.N.
245 0 _aMANAGERIAL ECONOMICS
260 _bNOIDA-VIKAS
260 _c2010
942 _c02
_2ddc
999 _c5821
_d5821